000 00635cam a2200205 i 4500
005 20260304124134.0
008 250721s2009 ii gr 000 0 eng d
020 _a9781851685240
082 1 4 _a813.0872
_bH U S
100 1 _aHusseini, Rana
_eAuthor.
245 1 0 _aMurder in the Name of Honour :
_bThe True Story of One Woman’s Heroic Fight Aganist an Unbelievable Crime /
_cRana Husseini.
250 _aFirst Publised.
264 3 1 _aNew York :
_bMixed Sources,
_c2009.
300 _a250 Pages.
650 1 7 _aMURDER.
650 1 7 _aJORDAN.
650 1 7 _aFICTION.
942 _2ddc
_cBK
999 _c126284
_d126284